Textbook of Patient Safety and Clinical Risk Management (Record no. 25163)
[ view plain ]
| 000 -LEADER | |
|---|---|
| fixed length control field | 00860nam a2200121Ia 4500 |
| 008 - FIXED-LENGTH DATA ELEMENTS--GENERAL INFORMATION | |
| fixed length control field | 220620s9999||||xx |||||||||||||| ||und|| |
| 245 #0 - TITLE STATEMENT | |
| Title | Textbook of Patient Safety and Clinical Risk Management |
| 546 ## - LANGUAGE NOTE | |
| Language note | English[eng] |
| 650 ## - SUBJECT ADDED ENTRY--TOPICAL TERM | |
| Topical term or geographic name entry element | Internal Medicine||Surgery||Risk Management||Drug Safety and Pharmacovigilance||Laboratory Medicine||IT Risk Management||Biomedical Research||patient safety||clinical risk management||medical errors||reliability organization||ergonomics and human factors||patient engagement||open access||Clinical & internal medicine||Management & management techniques||Pharmacology||Medical laboratory testing & techniques |
| 700 ## - ADDED ENTRY--PERSONAL NAME | |
| Personal name | Donaldson, Liam||Ricciardi, Walter||Sheridan, Susan||Tartaglia, Riccardo |
| 856 ## - ELECTRONIC LOCATION AND ACCESS | |
| Uniform Resource Identifier | <a href="https://library.oapen.org/bitstream/20.500.12657/46117/1/2021_Book_TextbookOfPatientSafetyAndClin.pdf">https://library.oapen.org/bitstream/20.500.12657/46117/1/2021_Book_TextbookOfPatientSafetyAndClin.pdf</a> |
| 942 ## - ADDED ENTRY ELEMENTS (KOHA) | |
| Koha item type | E-Books |
| Withdrawn status | Lost status | Damaged status | Not for loan | Home library | Current library | Date acquired | Total Checkouts | Date last seen | Price effective from | Koha item type |
|---|---|---|---|---|---|---|---|---|---|---|
| Kerala University of Digital Sciences, Innovation and Technology Knowledge Centre | Kerala University of Digital Sciences, Innovation and Technology Knowledge Centre | 20/06/2022 | 20/06/2022 | 20/06/2022 | E-Books |